La terra della mia anima /
Dopo il successo di "Nordest" e di "Arrivederci amore ciao", Carlotto ritorna a un personaggio dell'Alligatore, ma non per raccontare un nuovo episodio di quella serie, bensì per raccontare la storia vera di un malavitoso dal cuore d'oro. L'autore padovano, che in questi anni ha rovesciato l'immagin...
Guardat en:
| Autor principal: | |
|---|---|
| Format: | Llibre |
| Idioma: | italià |
| Publicat: |
Roma :
E/o,
[2006]
|
| Col·lecció: | Dal mondo
|
| Etiquetes: |
Sense etiquetes, Sigues el primer a etiquetar aquest registre!
|
MARC
| LEADER | 00000nam a22000007i 4500 | ||
|---|---|---|---|
| 001 | IT\ICCU\RAV\1478230 | ||
| 003 | ItRI | ||
| 005 | 20260115231925.0 | ||
| 008 | 060929s2006 it |||||| |||||1|||||c | ||
| 020 | |a 8876417389 | ||
| 040 | |b ita |c importazione bologna sebina | ||
| 041 | 7 | |a ita |2 ISO-639-2 | |
| 082 | |a 853.914 |9 NARRATIVA ITALIANA, 1945-1999 |2 21 | ||
| 100 | 1 | |a Carlotto, Massimo, |d (1956- ) |0 IT\ICCU\LO1V\144025 |4 aut | |
| 240 | 1 | 3 | |a La terra della mia anima |3 IT\ICCU\CAG\2088371 |9 Carlotto, Massimo <1956- > |
| 245 | 1 | 3 | |a La terra della mia anima / |c Massimo Carlotto. |
| 260 | |a Roma : |b E/o, |c [2006] | ||
| 300 | |a 159 p. ; |c 21 cm | ||
| 520 | |a Dopo il successo di "Nordest" e di "Arrivederci amore ciao", Carlotto ritorna a un personaggio dell'Alligatore, ma non per raccontare un nuovo episodio di quella serie, bensì per raccontare la storia vera di un malavitoso dal cuore d'oro. L'autore padovano, che in questi anni ha rovesciato l'immagine romantica dei criminali e ne ha invece sottolineato la crudeltà e la spietatezza, fa qui una eccezione, scrivendo la storia commovente del suo amico Rossini. Un'amicizia nata in carcere, in condizioni estremamente difficili, a cui Carlotto rende ora omaggio con questo romanzo. | ||
| 791 | 2 | |a Mama Sabot |3 IT\ICCU\RAVV\594972 |y Carlotto, Massimo (1956- ) | |
| 830 | 0 | |a Dal mondo |0 IT\ICCU\LO1\0350203 | |
| 942 | |2 ddc |c BK |n 0 | ||
| 952 | |0 0 |1 0 |4 0 |6 DOC_853_920000000000000_CAR |7 0 |9 16645 |a BO |b BO |d 2026-01-15 |i 10820 |l 0 |o DOC 853.92 CAR |p BO10820 |r 2026-01-15 23:19:25 |w 2026-01-15 |x [Sebina 5] [1 v.] |y BK |z 1 v. | ||
| 999 | |c 14243 |d 14243 | ||